000 01375nam0a22003131 4500
001 v19\rc\1681266
005 20250619020658.0
035 _a(NLR Aleph) 004787036
090 _a4694517
_c4694517
100 _a20061002d1895 |||y0rusy50 ca
101 0 _arus
102 _aRU
105 _ay z |||||
200 1 _aПокаянное обращение к господу богу [и др. беседы для заключенных]
_fРед.: инспектор Гл. тюрем. упр. А. Лихачев
210 _a[Санкт-Петербург]
_cтип. С.-Петерб. тюрьмы
_d[1895]
215 _a16 с.
225 1 _aДля чтения
311 _aПрил. к "Тюрем. вестн." 1895 г., № 3
422 0 _12001#$aТюремный вестник$v1895, № 3
_tТюремный вестник
517 0 _aДругие беседы для заключенных
532 1 2 _aПокаянное обращение к господу богу и другие беседы для заключенных
702 1 _4340
_aЛихачев
_bА. В.
_cюрист
_f1860-ок.1916
_gАлександр Владимирович
_9217295
_3RU\NLR\AUTH\770217351
801 0 _aRU
_bNLR
_gpsbo
801 0 _aRU
_bRuMoRGB
_2psbo
801 1 _aRU
_bProSoft-M
_2rusmarc
852 _aNLR
_j18.135.1.512
942 _cBOOK
980 _aNB